Culinary arts / (Record no. 10444)

MARC details
000 -LEADER
fixed length control field 00990nam a22002657i 4500
003 - CONTROL NUMBER IDENTIFIER
control field URS
005 - DATE AND TIME OF LATEST TRANSACTION
control field 20220117095935.0
008 - FIXED-LENGTH DATA ELEMENTS--GENERAL INFORMATION
fixed length control field 181018b xxu||||| |||| 00| 0 eng d
020 ## - INTERNATIONAL STANDARD BOOK NUMBER
International Standard Book Number 9789719654025 (pbk.)
040 ## - CATALOGING SOURCE
Description conventions rda
Transcribing agency URS
Language of cataloging English
050 ## - LIBRARY OF CONGRESS CALL NUMBER
Classification number TX724.5.P6
Item number R33 2015
100 ## - MAIN ENTRY--PERSONAL NAME
Personal name Reyes, Ruth Estrada Javier.
Relator term author.
245 ## - TITLE STATEMENT
Title Culinary arts /
Statement of responsibility, etc Ruth Estrada Javier - Reyes ; contributors, Chef Aurora "Babes" S. Austria, Ma. Lindsay J. Alvarez, Ethel May F. Oñas.
264 ## - PUBLICATION, DISTRIBUTION, ETC. (IMPRINT)
Place of publication, distribution, etc Manila :
Name of publisher, distributor, etc Unlimited Books Library Services and Publishing,
Date of publication, distribution, etc ©2015.
300 ## - PHYSICAL DESCRIPTION
Extent viii, 238 pages ;
Dimensions 26 cm.
336 ## - CONTENT TYPE
Content type term text
Content type code txt
Source rdacontent
337 ## - MEDIA TYPE
Media type term unmediated
Media type code n
Source rdamedia
338 ## - CARRIER TYPE
Carrier type term volume
Carrier type code nc
Source rdacarrier
504 ## - BIBLIOGRAPHY, ETC. NOTE
Bibliography, etc Includes bibliographical references.
650 #0 - SUBJECT ADDED ENTRY--TOPICAL TERM
Topical term or geographic name as entry element Cookery, Philippine.
700 ## - ADDED ENTRY--PERSONAL NAME
Personal name Austria, Chef Aurora "Babes".,
Relator term contributor.
700 ## - ADDED ENTRY--PERSONAL NAME
Personal name Alvarez, Ma. Lindsay J.,
Relator term contributor.
700 ## - ADDED ENTRY--PERSONAL NAME
Personal name Onas, Ethel May F.,
Relator term contributor.
942 ## - ADDED ENTRY ELEMENTS (KOHA)
Source of classification or shelving scheme Library of Congress Classification
Koha item type Filipiniana
Holdings
Withdrawn status Lost status Source of classification or shelving scheme Damaged status Not for loan Collection code Home library Current library Shelving location Date acquired Source of acquisition Total Checkouts Full call number Barcode Date last seen Copy number Price effective from Koha item type
    Library of Congress Classification     Non-fiction Taytay College Library Taytay College Library New Materials Shelf 10/18/2018 Purchase   TX724.5.P6 R33 2015 URSTAY-4391 06/03/2025 1 01/08/2019 Filipiniana

University of Rizal System
Email us at univlibservices@urs.edu.ph

Visit our Website www.urs.edu.ph/library